| 000 | 00485nam a2200205Ia 4500 | ||
|---|---|---|---|
| 003 | OSt | ||
| 005 | 20140404091544.0 | ||
| 008 | 140130s9999 xx 000 0 und d | ||
| 020 | _a9780439548489 | ||
| 050 |
_aPZ 7 _b.P63123Dt 2007 |
||
| 100 | _aPilkey, Dav | ||
| 245 |
_cDav Pilkey. _aDragon's merry christmas |
||
| 260 |
_bScholastic, _c1991 |
||
| 300 |
_a47 p. : _bcol. ill. ; _c19 cm. |
||
| 440 | _v1 | ||
| 521 | _aG2 | ||
| 526 | _c410 | ||
| 942 |
_cBK _2lcc |
||
| 999 |
_c40264 _d40264 |
||